Statistiques concernant Alger - Culture générale

Cliquez ici pour prendre le quiz!

Statistiques générales

  • Ce quiz a été pris 3 633 fois
    (3 394 depuis la dernière actualisation)
  • Le résultat moyen est 11 sur 22

Statistiques - réponses

InformationRéponse% Correct
Religion majoritaireIslam
94%
Mer qui borde la villeMéditerranée
89%
Deuxième ville du pays, derrière AlgerOran
84%
Alger fut la capitale provisoire de ce pays (1942-1944)France
81%
Nom donné à ses habitantsAlgérois
74%
Pays le plus proche depuis la villeEspagne
72%
Bâtiment terminé en 2019 qui est le troisième plus grand de son type au mondeGrande {mosquée} d'Alger
70%
Empire au sein duquel s'émancipait la Régence d'Alger de 1516 à 1830Empire Ottoman
69%
Surnom du à la couleur de ses façades (El Beida)La {Blanche}
63%
Dirigeant, son « Je vous ai compris » n'a pas servi à éviter de nombreux mortsCharles de Gaulle
59%
Premier roman d'Albert Camus, qui met en scène le personnage de MeursaultL'Étranger
49%
"Province" algérienne qui fait couramment office de la villeW{ilaya} d'Alger
42%
Moyen de transport reliant facilement les parties hautes et basses de la ville avec son réseau de 4 lignesTéléphérique
40%
Quartier historique, citadelle gardée au patrimoine mondialCasbah
39%
Chanteur, rappeur et danseur qui a connu ses premiers succès internationaux en 2018 avec les singles Guérilla et DalidaSoolking
38%
Pendant des siècles, son port est perçu comme le repère de ces malfrats des mersPirates
36%
Monument aux morts de la guerre d'indépendance haut de 92mMémorial du {Martyr}
32%
Ancien président algérien qui a donné son nom à l'aéroportHouari Boumédiène
28%
Meilleur buteur de la sélection algérienne, passé notamment par le Sporting, Leicester et LyonIslam Slimani
28%
Empereur du Saint-Empire et d'Espagne qui a échoué à prendre Alger en 1541Charles Quint
22%
Humoriste notamment en duo avec Sophie Daumier et acteur (Un éléphant ça trompe énormément, 1976) disparu en 2020Guy Bedos
10%
Actrice française aussi connue pour avoir lu et enregistré des contes pour enfantsMarlène Jobert
8%

Distribution des résultats

Percentile par nombre de réponses

% des personnes avec chaque résultat

Votre développement - résultats

Vous n’avez pas pris ce quiz depuis la dernière actualisation